书目信息 |
| 题名: |
国外公共行政理论精选
|
|
| 作者: | 彭和平 译 | |
| 分册: | ||
| 出版信息: | 北京 中共中央党校出版社 1997.01 |
|
| 页数: | 391页 | |
| 开本: | 20cm | |
| 丛书名: | ||
| 单 册: | ||
| 中图分类: | D523 | |
| 科图分类: | ||
| 主题词: | 国际政治 | |
| 电子资源: | ||
| ISBN: | 978-7-5035-1434-0 | |
| 000 | 00565nam0 2200193 450 | |
| 001 | 0837079717 | |
| 005 | 20081028101901.51 | |
| 010 | @a978-7-5035-1434-0@dCNY16.50 | |
| 100 | @a20081028d1997 km y0chiy0120 ea | |
| 101 | 0 | @achi |
| 102 | @aCN@b110000 | |
| 200 | 1 | @a国外公共行政理论精选@Aguo wai gong gong xing zheng li lun jing xuan@f彭和平等译@Fpeng he ping deng yi |
| 210 | @a北京@c中共中央党校出版社@d1997.01 | |
| 215 | @a391页@d20cm | |
| 606 | 0 | @a国际政治 |
| 690 | @aD523@v4 | |
| 701 | 0 | @a彭和平@Apeng he ping@4译 |
| 801 | 0 | @aCN@c20081028 |
| 905 | @dD523@eP480 | |
| 国外公共行政理论精选/彭和平等译.-北京:中共中央党校出版社,1997.01 |
| 391页;20cm |
| ISBN 978-7-5035-1434-0:CNY16.50 |
| ● |
| 相关链接 |
|
|
|
正题名:国外公共行政理论精选
索取号:D523/P480
 
预约/预借
| 序号 | 登录号 | 条形码 | 馆藏地/架位号 | 状态 | 备注 |
| 1 | 460183 | 204601831 | 社科库509/509社科库 71排3列3层/ [索取号:D523/P480] | 在馆 |